[Event "Bolzano op 19th"]
[Site "Bolzano"]
[Date "2024.02.02"]
[Round "1"]
[White "Olivetti, Davide"]
[Black "Pichler, Klaus"]
[Result "1-0"]
[WhiteElo "2216"]
[BlackElo "1839"]
[PlyCount "65"]
[EventDate "2024.02.02"]
[EventType "swiss"]
[EventRounds "5"]
[EventCountry "ITA"]
[SourceTitle "CB07_2024"]
[SourceDate "2024.02.14"]
[SourceVersion "1"]
[SourceVersionDate "2024.02.14"]
[SourceQuality "1"]

1. e4 d5 2. exd5 Qxd5 3. Nf3 Nf6 4. d4 Bg4 5. Be2 e6 6. 0-0 Nc6 7. h3 Bxf3 8. Bxf3 Qd7 9. c3 Be7 10. Na3 0-0 11. Nc4 Nd5 12. Re1 Rab8 13. a4 a5 14. Bd2 Rfd8 15. Qb3 b6 16. Re2 Bf6 17. Re4 g6 18. Rae1 Re8 19. h4 h5 20. g3 Rbd8 21. Bg2 Nce7 22. Ne5 Qd6 23. c4 Nb4 24. Bf4 Bxe5 25. Bxe5 Qd7 26. Bf6 Nbc6 27. g4 hxg4 28. Rxg4 Nf5 29. Ree4 Nce7 30. h5 c5 31. Qh3 Qxa4 32. hxg6 fxg6 33. Be5 1-0

[Event "Bolzano op 1st"]
[Site "Bolzano"]
[Date "2006.05.28"]
[Round "6"]
[White "Pichler, Klaus"]
[Black "Spornberger, Maximilian"]
[Result "1-0"]
[WhiteElo "1542"]
[BlackElo "1590"]
[PlyCount "33"]
[EventDate "2006.05.20"]
[EventType "swiss"]
[EventRounds "7"]
[EventCountry "ITA"]
[SourceTitle "EXT 2011"]
[Source "ChessBase"]
[SourceDate "2010.11.26"]
[SourceVersion "1"]
[SourceVersionDate "2010.11.26"]
[SourceQuality "1"]

1. f4 Nf6 2. b3 g6 3. Bb2 Bg7 4. e3 0-0 5. Be2 d6 6. Nf3 Nc6 7. 0-0 Re8 8. Qe1 e5 9. fxe5 dxe5 10. Bc4 Nb4 11. Na3 e4 12. Ng5 Rf8 13. Qh4 h6 14. Nxf7 Rxf7 15. Bxf6 g5 16. Bxf7+ Kh8 17. Qxh6# 1-0